| 000 | 00332nam a2200133Ia 4500 | ||
|---|---|---|---|
| 005 | 20251222144749.0 | ||
| 008 | 251222s9999||||xx |||||||||||||| ||spa|| | ||
| 020 | _a978-603-45225-1-0 | ||
| 082 | _a869.57/C33O | ||
| 100 | _aCastaƱeda Burgos, Juan E. | ||
| 245 | 0 | _aOtros Poemas | |
| 264 | _bUniversidad de Cajamarca | ||
| 942 | _cLIB | ||
| 999 |
_c19280 _d19280 |
||